Bands with geographical names - Statistics

General Stats
  • This quiz has been taken 32 times
  • The average score is 7 of 15
Answer Stats
Hint Answer % Correct
- Sound Machine Miami
90%
Dusty - Springfield
90%
- Transfer Manhattan
79%
- Dolls New York
72%
- Bambaataa Africa
52%
- Crisis China
52%
John - Denver
52%
- Guns LA
38%
- Beat London
38%
The - Satellites Georgia
34%
-ers Dublin
28%
- Subs UK
28%
Xmal - Deutschland
14%
- Vibration Israel
7%
- Cowboys Leningrad
7%
No matching quizzes found
Score Distribution
Percent of People with Each Score
Percentile by Number Answered
Your Score History
You have not taken this quiz